Atlas of tumor pathology: tumors of the salivary glands (Record no. 30806)

MARC details
000 -LEADER
fixed length control field 00554nam a2200145 a 4500
008 - FIXED-LENGTH DATA ELEMENTS--GENERAL INFORMATION
fixed length control field 110914s1995 ||||||||||||||||| || u
020 ## - INTERNATIONAL STANDARD BOOK NUMBER
International Standard Book Number 1881041263
050 ## - LIBRARY OF CONGRESS CALL NUMBER
Classification number RC 815.5 Ell
100 ## - MAIN ENTRY--PERSONAL NAME
Personal name Ellis, Gary
245 10 - TITLE STATEMENT
Title Atlas of tumor pathology: tumors of the salivary glands
260 ## - PUBLICATION, DISTRIBUTION, ETC.
Place of publication, distribution, etc. Washington, D. C.:
Name of publisher, distributor, etc. Armed Forces Institute of Pathology
Date of publication, distribution, etc. 1995
350 ## -
-- 0.00
700 ## - ADDED ENTRY--PERSONAL NAME
Personal name Auclair, Paul. L
995 ## -
-- REFERENCE BOOKS
-- 900925
-- CBU-SCHOOL OF MEDICINE LIBRARY (Ndola)
-- 0.00
-- RC 815.5 Ell
-- 1
-- REFERENCE
-- Aug 16, 2012
-- 900925
-- Reference Collection
999 ## -
-- 30806
-- 30806
Holdings
Withdrawn status Lost status Source of classification or shelving scheme Damaged status Not for loan Permanent Location Current Location Shelving location Date acquired Total Checkouts Full call number Barcode Date last seen Price effective from Koha item type
          CBU-SCHOOL OF MEDICINE LIBRARY, NDOLA. CBU-SCHOOL OF MEDICINE LIBRARY, NDOLA.   11/30/2022   RC 815.5 Ell 900925 11/30/2022 11/30/2022 MONOGRAPH